Responses for Show #2033 - Wednesday, June 9, 1993

Contestants

[<< previous game]

Judith Cahill, a homemaker from Wilmington, Delaware

Gerry Schwartz, a paralegal from Los Angeles, California

Barbara Elstein, a city planner from Brooklyn, New York (whose 2-day cash winnings total $26,600)

[next game >>]

Jeopardy! Round responses

BIOLOGY
TOYS & GAMES
KNIGHT SCHOOL
THE CONSTITUTION
LUCKY 7
9-LETTER WORDS
    $100 4
cells

Barbara
    $100 3
Barbie

Judith
    $100 14
(Gerry: What are tilts?)

tournaments

GerryJudith
    $100 1
the Senate & the House of Representatives

Gerry
    $100 8
the (Seven) Wonders of the Ancient World

Barbara
    $100 12
(Barbara: What is the, um... thigh?)

the drumstick

BarbaraJudith
    $200 5
the cerebellum

Barbara
    $200 15
a triangle

Gerry
    $200 21
mail

Barbara
    $200 2
Rhode Island

Judith
    $200 25
the Seven Dwarfs

Barbara
    $200 19
boulevard

Barbara
    $300 6
menopause

Judith
    $300 16
queen's bishop

Gerry
    $300 22
a lance

Judith
    $300 9
the Constitutional Convention

Barbara
    $300 26
Seven Brides for Seven Brothers

Gerry
    $300 20
(Gerry: What is a pesticide?)

an herbicide

Gerry
Triple Stumper
    $400 7
the mandible

Gerry
    $400 17
puppets

Judith
    $400 23
a squire

Judith
    $500 10
(Barbara: Uh... what is honor, uphold and... obey?)

preserve, protect & defend

Barbara
    $400 27
(Barbara: What is, uh, uh... August?)
...
(Judith: Latin, yay.)

September

BarbaraJudith
    $400 29
an anthology

Barbara
    $500 13
its whiskers

Judith
    $500 18
Monopoly

Barbara
    $500 24
a bath

Judith
    $500 11
treason

Gerry
    $500 28
the heptathlon

Gerry
    $500 30
(Barbara: What's a quesadilla?)

an enchilada

BarbaraJudith

Scores at the first commercial break (after clue 14):

Barbara Gerry Judith
$100 $900 $1,300

Scores at the end of the Jeopardy! Round:

Barbara Gerry Judith
$700 $1,900 $3,800

Double Jeopardy! Round responses

EUROPEAN HISTORY
AWARDS
PENINSULAS
POLITICIANS
DECORATIVE ARTS
LITERARY DOCTORS
    $200 11
Monaco

Gerry
    $200 6
(Barbara: What is [*], Grauman's Chinese?)

a movie theatre

Barbara
    $200 5
the Sinai

Judith
    $200 1
Dan Quayle

Barbara
    $200 25
silk

Judith
    $200 18
Dr. Jekyll

Gerry
    $400 13
(Judith: What is Protestantism?)
(Alex: [Hesitating] More specific.)

Lutheranism

Judith
    $400 7
Marian

Judith
    $400 12
the Balkan Peninsula

Judith
    $400 2
(Barbara: Um, who is... 1973?)
(Alex: Quick!)
(Barbara: Who is... who is...)
(Alex: Sorry, too long.)

Gerry Ford

Barbara
Triple Stumper
    $400 26
Art Deco

Barbara
    $400 21
Portnoy

Judith
    $600 14
(Judith: What's Romania?)

Hungary

BarbaraJudith
    $600 8
Bobbie Gentry

Triple Stumper
    $600 16
New Zealand

Judith
    $600 3
Howell Heflin

Gerry
    $600 28
lace

Barbara
    $600 22
Dr. Kildare

Judith
    $800 15
Italy

Gerry
    $800 9
Falstaff

Barbara
    $800 19
the Malay Peninsula

Barbara
    $800 4
(Judith: Who is Fibber?)
[Laughter]
(Alex: Fibber?)
(Judith: Fibber McGee, I don't know.)
(Alex: Fibber McGee and Molly, all right.)
[Laughter]

Robert S. Kerr

Judith
Triple Stumper
    $800 29
the French Quarter

Judith
    $800 23
Doctor Dolittle

Judith
    $1000 17
(Judith: What's the Edit of [*]?)

Nantes

Judith
    $1,500 10
(Barbara: What is the American Medical Association?)

the NAACP

Barbara
    $1000 20
the Bataan Peninsula

Judith
    $1000 27
La Follette

Barbara
    $1000 30
(Josiah) Wedgwood

Judith
    $1,200 24
(Judith: [Having found the Daily Double] I don't know if I'm happy or I'm sad?)
(Alex: Judith, look at all the money you've got.)
(Judith: I feel so wealthy, but it's not money until I get it.)

Arrowsmith

Judith

Scores at the end of the Double Jeopardy! Round:

Barbara Gerry Judith
$3,400 $3,700 $11,400
(lock game)

[wagering suggestions for these scores]

Final Jeopardy! Round responses

THE 50 STATES
BarbaraWhat is Alaska
$3,400
GerryWhat is Hawaii?
$3,101
JudithWhat is Hawaii! Yay!
$1,400
Hawai'i

Final scores:

Barbara Gerry Judith
$0 $6,801 $12,800
3rd place: Ricardo Beverly Hills luggage + Wheel of Fortune & Jeopardy! for the Super Nintendo Entertainment System & Sega Genesis + Jeopardy! home game 2nd place: a trip on Delta to Huntsville, Alabama & visit to U.S. Space Camp + Jeopardy! home game New champion: $12,800

Game dynamics:

Coryat scores:

Barbara Gerry Judith
$5,400 $3,700 $11,200
17 R,
6 W
(including 2 DDs)
11 R,
2 W
26 R
(including 1 DD),
2 W

Combined Coryat: $20,300

[game clues] [game scores] [suggest correction]

Game tape date: 1993-01-20
The J! Archive is created by fans, for fans. Scraping, republication, monetization, and malicious use prohibited; this site may use cookies and collect identifying information. See terms. The Jeopardy! game show and all elements thereof, including but not limited to copyright and trademark thereto, are the property of Jeopardy Productions, Inc. and are protected under law. This website is not affiliated with, sponsored by, or operated by Jeopardy Productions, Inc. Join the discussion at JBoard.tv.